000 00418nam a2200181Ia 4500
001 18373
005 20260306171626.0
008 260306s9999||||xx |||||||||||||| ||und||
041 _aESP
082 _a658.4034
_bR41
100 _aRender, Barry
_eAUT
245 0 _aPrincipios de administración de operaciones
260 _c1996
300 _a
_c
650 _aGEN
654 _aCAN
942 _cLIB
_dJUS
_fJUS
_2ddc
_n
999 _c18373
_d18373